000 01092nam a2200277Ia 4500
003 GCL
008 140319s9999 xx 000 0 ara d
040 _aGCL /
_cGCL
082 0 4 _a307.772
_bخ ف
100 1 _aخلف شرارى الخرشة
245 1 0 _aفن القضاء وادب الحرب عند عرب الصحراء /
_cخلف شرارى الخرشة
250 _aالاولى
260 _aالاردن :
_bمكتبة المحتسب للنشر والتوزيع ،
_c2006
300 _a302 ص ؛
_c24 سم
650 0 4 _aالقبائل العربية
650 0 4 _aالعرف الاجتماعى
650 0 4 _aالاغتصاب
650 0 4 _aالحرب والادب
650 0 4 _aالعشائر العربية
650 0 4 _aالعرب - العادات والتقاليد
650 0 4 _aالبدو - العادات والتقاليد
650 0 4 _aالبدو - العادات والتقاليد - الاردن
650 0 4 _aالبدو - العادات والتقاليد - العراق
650 0 4 _aالمجتمعات القبلية - الاردن
942 _2ddc
_cBK
999 _c10108
_d10108